Statistiques concernant Villes du Centre par département

Cliquez ici pour prendre le quiz!

Statistiques générales

  • Ce quiz a été pris 29 fois
  • Le résultat moyen est 14 sur 30

Statistiques - réponses

VillePopulation% Correct
Blois46 813
96%
Bourges63 702
96%
Tours137 658
92%
Orléans116 617
88%
Chartres38 447
81%
Vierzon25 348
81%
Châteauroux42 968
77%
Romorantin-Lanthenay18 115
65%
Vendôme15 747
65%
Joué-lès-Tours38 183
62%
Dreux30 879
58%
Issoudun10 992
58%
Olivet22 855
58%
Le Blanc6 204
50%
Châteaudun12 909
46%
Saint-Pierre-des-Corps15 909
42%
Saint-Amand-Montrond9 459
38%
Déols7 625
31%
Fleury-les-Aubrais21 438
31%
Saint-Jean-de-Braye21 700
31%
Saran16 679
31%
Saint-Avertin15 000
23%
Saint-Cyr-sur-Loire17 004
23%
Saint-Doulchard9 645
23%
Lucé15 602
19%
Mehun-sur-Yèvre6 448
19%
Vineuil8 067
19%
Le Poinçonnet5 840
15%
Vernouillet12 455
12%
Le Controis-en-Sologne6 719
8%

Distribution des résultats

Percentile par nombre de réponses

% des personnes avec chaque résultat

Votre développement - résultats

Vous n’avez pas pris ce quiz